भारतीय योद्धा;साहस,बहादुरी और त्याग की वीर गाथा/ (Record no. 201765)

MARC details
000 -LEADER
fixed length control field 00883nam a22002297a 4500
005 - DATE AND TIME OF LATEST TRANSACTION
control field 20240328104833.0
010 ## - LCCN (DPL NO)
LC control number HIN-127219
020 ## - INTERNATIONAL STANDARD BOOK NUMBER
International Standard Book Number 9788194915454
Terms of availability 500.00
035 ## - SYSTEM CONTROL NUMBER
System control number HN-99565
037 ## - SOURCE OF ACQUISITION
Source of stock number/acquisition DBAD/PUB.
082 ## - DEWEY DECIMAL CLASSIFICATION NUMBER
Classification number
100 ## - MAIN ENTRY--PERSONAL NAME
Personal name अयंगर,एस आर आर
245 ## - TITLE STATEMENT
Title भारतीय योद्धा;साहस,बहादुरी और त्याग की वीर गाथा/
Statement of responsibility, etc एस आर आर अयंगर [et.al]
250 ## - EDITION STATEMENT
Edition statement 1
260 ## - PUBLICATION, DISTRIBUTION, ETC. (IMPRINT)
Place of publication, distribution, etc new delhi
Name of publisher, distributor, etc uday publishing house
Date of publication, distribution, etc 2021
270 ## - ADDRESS
Address 4648/21 Ansari Road Darya Ganj
City New Delhi
Postal code 110002
300 ## - PHYSICAL DESCRIPTION
Extent 126 पृ;
Dimensions 23 सेमी (सजिल्द)
700 ## - ADDED ENTRY--PERSONAL NAME
Personal name पी वी एस एम
9 (RLIN) 63915
700 ## - ADDED ENTRY--PERSONAL NAME
Personal name ए वी एस एम
9 (RLIN) 63916
700 ## - ADDED ENTRY--PERSONAL NAME
Personal name वी एस एम
9 (RLIN) 63917
942 ## - ADDED ENTRY ELEMENTS (KOHA)
Institution code [OBSOLETE] dpl
Item type Hindi Books
Source of classification or shelving scheme Dewey Decimal Classification
Classification part
Call number suffix अयंग
Holdings
Withdrawn status Lost status Not for loan Collection code Home library Current library Date acquired Source of acquisition Cost, normal purchase price Full call number Barcode Copy number Cost, replacement price Koha item type
      Fiction Bawana Bawana 26/03/2024 DBAD/PUB 500.00 क अयंग HN-99565 1 500.00 Hindi Books

© Delhi Public Library
Hit Counter
free hit counter